[Event "Montreal 3rd"]
[Site "Montreal"]
[Date "2002.07.29"]
[Round "5"]
[White "Nogueiras Santiago, Jesus"]
[Black "Bluvshtein, Mark"]
[Result "1-0"]
[WhiteElo "2546"]
[BlackElo "2367"]
[Annotator "Ftacnik,L"]
[PlyCount "97"]
[EventDate "2002.07.25"]
[EventType "tourn"]
[EventRounds "11"]
[EventCountry "CAN"]
[EventCategory "11"]
[SourceTitle "CBM 091"]
[Source "ChessBase"]
[SourceDate "2002.11.12"]
[SourceVersion "1"]
[SourceVersionDate "2002.11.12"]
[SourceQuality "1"]

1. c4 e6 2. g3 d5 3. Bg2 c5 4. Nf3 Nc6 5. O-O Nf6 6. d4 Be7 7. Nc3 O-O 8. cxd5
exd5 9. dxc5 Bxc5 10. a3 Re8 11. b4 Bf8 (11... Be7 12. Bb2 Bg4 13. h3 Be6 14.
Nb5 Qd7 15. Kh2 Nxb4 16. Nfd4 Nc6 17. Nxe6 fxe6 18. e4 Rad8 19. exd5 exd5 20.
Nd4 {1/2-1/2 Montero Aleu,J-Pacorro,F/ESP 1993/ (75)}) (11... Bb6 12. Bb2 Bg4 (
12... Bf5 13. Na4 Be4 14. Rc1 Qe7 15. e3 Rad8 16. Nxb6 axb6 17. Bd4 Nd7 18. Qd2
Qe6 19. Qb2 Qh6 20. Nd2 Bxg2 21. Kxg2 Qg6 {1/2-1/2 Kobalija,M-Bezgodov,A/
Elista 2001/ (39)}) 13. Na4 Ne4 (13... Bc7 14. Nc5 Rb8 15. Rc1 Ne5 16. Re1 Qe7
17. Qd2 Bd6 18. h3 Bf5 19. Qg5 Be4 20. Nxe4 Nxe4 21. Qxe7 Rxe7 22. Nd4 {
1-0 Kobalija,M-Eljanov,P/Ubeda 2001/ (53)}) (13... Qe7 14. Re1 Rad8 15. Nxb6
axb6 16. Bd4 Nxd4 17. Qxd4 Qe6 18. Nd2 Bf5 19. Rac1 Rc8 20. e3 {1-0 Hoeksema,
H-Schiffer,K/Groningen 2001/ (36)}) 14. Nxb6 axb6 15. Rc1 Bxf3 16. exf3 Nf6 17.
f4 Ne4 18. Qd3 Qd7 19. Rfd1 Rad8 20. b5 Na7 21. a4 {1-0 Budnikov,O-Semerij,Y/
Kharkov 2000/ (32)}) 12. Bb2 (12. Bg5 $5 d4 13. Nb5 a5 14. Bxf6 gxf6 15. Nfxd4
$16) 12... Bg4 13. Rc1 (13. h3 Bf5 14. e3 Qd7 15. g4 Be6 16. Ne2 Ne4 17. Nf4
$14) 13... Qd7 14. Na4 Ne4 $6 {Black is not taking enough care, the
unfortunate location of his pieces will cost him material.} (14... d4 15. b5
Bxf3 16. exf3 Na5 17. Bxd4 Qxb5 18. Bxf6 gxf6 19. Nc3 $14) (14... Qe6 $5 15.
Re1 Rad8 $11) 15. b5 $1 Na5 16. Ne5 Rxe5 (16... Qxb5 17. Nxg4 Nc4 18. Nc3 Qxb2
19. Nxe4 Rad8 20. Nef6+ gxf6 21. Rb1 Qxe2 22. Nxf6+ Kg7 23. Nxe8+ Qxe8 24. Rxb7
$18) (16... Qe6 17. Nxg4 Qxg4 18. f3 $18) 17. Bxe5 Re8 (17... Bxa3 18. Rc7 Qxb5
19. f3 Re8 20. fxe4 Rxe5 21. Rfxf7 Bf8 22. Qf1 $18) 18. Ba1 $6 {Nogueiras
could not decide on the best continuation, his simplistic retreat is not the
best option.} (18. b6 $1 axb6 (18... Bxe2 19. Qxe2 Qxa4 20. bxa7 Nc6 (20... Nb3
21. Qd1 Rxe5 22. Rc8 Qxa7 23. Bxe4 Rxe4 24. Qxb3 $18) 21. Bxe4 dxe4 22. Rc4
Qxa7 23. Rxe4 Nxe5 24. Rxe5 Rxe5 25. Qxe5 Qxa3 26. Rb1 $18) (18... Rxe5 $2 19.
bxa7 Re8 20. Nb6 $18) 19. Nxb6 Qe6 20. Bd4 $16) 18... Bxa3 19. f3 $1 (19. Rb1
Bf5 20. Qd4 $14) 19... Bxc1 20. Qxc1 Qxb5 (20... Nb3 21. Qb2 Nxa1 22. Rxa1 $16)
21. fxe4 d4 $1 {[%mdl 64] Both players are trading good shots in a tactically
very charged position.} (21... Qxa4 22. Qg5 d4 23. Qxg4 $18) 22. Nc5 (22. Qf4
Be6 23. Bh3 Bb3 (23... f6 24. Bxe6+ Rxe6 25. Qg4 Re8 26. Bxd4 Qxa4 27. Bxf6 g6
28. Bc3 $18) 24. Qc7 Nc6 25. Nb2 $16) (22. Nb2 Nb3 23. Qf4 f5 24. exf5 Bxe2 $13
) 22... Bxe2 23. Bxd4 (23. Rf5 Qb4 24. Rf2 Rc8 25. Rxe2 d3 $11) 23... Nb3 24.
Nxb3 $6 (24. Qf4 $5 Bxf1 25. Bxf1 Qb4 26. Nxb3 Qxb3 27. Qg4 f6 28. Qd7 Re6 29.
Bxa7 $16) 24... Bxf1 25. Bxf1 Qxb3 26. Qg5 g6 $4 {Unbelievably reckless move,
Bluvhstein must have been very happy with his Houdini like rescue, but with
holes around his king the fight is suddenly over.} (26... f6 $1 27. Qc5 Kh8 28.
Qxa7 Rxe4 $11) 27. Qf6 Kf8 28. Bc5+ Kg8 29. Bd4 Kf8 30. Qg7+ Ke7 31. Bc5+ Kd7 (
31... Ke6 32. Qd4 $18) 32. Qd4+ Kc8 33. Bxa7 Re6 34. Bc5 Kc7 (34... f6 35. Bb4
$18) 35. e5 Rc6 36. Bd6+ Kd7 37. Qg4+ (37. Bb4+ Kc8 38. Bh3+ Kb8 39. Bd6+ Ka8
40. Bc5 Qb1+ 41. Bf1 $18) 37... Qe6 38. Qb4 Kc8 39. Qa3 Kd8 40. Qa8+ Qc8 (40...
Rc8 41. Qa5+ Ke8 42. Bb5+ $18) 41. Qa5+ b6 42. Qd2 Qf5 (42... Qd7 43. Qg5+ Ke8
44. Bb5 $18) 43. Qh6 Rc2 44. Qf8+ Kd7 45. Qe7+ Kc6 46. Qc7+ Kd5 47. Qb7+ Ke6 (
47... Kd4 48. Qxb6+ Ke4 49. Bc5 $18) 48. Qxb6 Qe4 49. Qb3+ (49. Qb3+ Kd7 50.
Qxf7+ Kc6 51. Qc7+ Kd5 52. Qb7+ $18) 1-0

[Event "RUS-ch 53rd"]
[Site "Samara"]
[Date "2000.06.26"]
[Round "10"]
[White "Popov, Valerij"]
[Black "Bezgodov, Alexei"]
[Result "1-0"]
[WhiteElo "2534"]
[BlackElo "2576"]
[Annotator "Ftacnik,L"]
[PlyCount "136"]
[EventDate "2000.06.03"]
[EventType "swiss"]
[EventRounds "11"]
[EventCountry "RUS"]
[SourceTitle "CBM 078"]
[Source "ChessBase"]
[SourceDate "2000.10.18"]
[SourceVersion "1"]
[SourceVersionDate "2000.10.18"]
[SourceQuality "1"]

1. d4 d5 2. Nf3 c5 3. c4 e6 4. cxd5 exd5 5. Nc3 Nc6 6. g3 Nf6 7. Bg2 Be7 8. O-O
O-O 9. Bg5 cxd4 10. Nxd4 h6 11. Bf4 Bg4 12. h3 Bd7 13. Rc1 Qb6 14. Nb3 Rad8 15.
Be3 d4 $5 {Black has probably prepared this new move in order to exchange lots
of pieces and nearly complete equality.} 16. Bxd4 (16. Nxd4 Qxb2 17. Qc2 Qa3
$13) 16... Nxd4 17. Qxd4 Qxd4 (17... Qa6 18. Qe5 Bb4 19. Nc5 $16) 18. Nxd4 Bxh3
19. Bxh3 (19. Rfd1 Bxg2 20. Kxg2 Bc5 $11) 19... Rxd4 20. Rfd1 Rfd8 (20... Rxd1+
21. Nxd1 $5 Rd8 22. Ne3 Rd2 23. Rc7 $14) 21. Rxd4 Rxd4 22. Rc2 Rc4 $6 {White
is marginally better with his better pawn structure and the potential of it's
central march.} (22... Bb4 $5 23. Nb5 (23. Bc8 Bxc3 24. bxc3 Rd1+ 25. Kg2 b6
26. Kf3 Kf8 $11) 23... Rd1+ 24. Kg2 a6 25. Nc3 Rd8 $11) 23. Rd2 a6 (23... Bb4
24. Rd8+ Kh7 25. Bf5+ g6 26. Bd3 Rc7 27. Nb5 Rc1+ 28. Kg2 a6 29. Nd6 Bxd6 30.
Rxd6 $14) (23... Kf8 $5 24. Bg2 Bb4 25. Rd8+ Ke7 26. Rb8 Bxc3 27. Rxb7+ Kd6 28.
bxc3 Rxc3 29. Rxa7 Rc1+ 30. Bf1 Ne4 31. Ra3 Kc5 32. Rd3 Ra1 33. a3 h5 $14) 24.
Bg2 b5 (24... Bb4 25. Bxb7 Bxc3 26. bxc3 $16) 25. Bb7 $1 b4 (25... a5 26. Ba6
$16) 26. Nd5 Nxd5 (26... Bd8 27. Bxa6 $16) 27. Bxd5 Rc1+ 28. Kg2 Bf6 (28... Kf8
$1 29. f4 a5 30. Bb3 f5 $11) 29. f4 Rb1 (29... a5 30. e4 a4 31. e5 Be7 32. Be4
$14) 30. Bc4 $1 Rxb2 $6 {[%mdl 4096] Bezgodov must have felt some relief,
since it looks like he is nearing the full equlibrium. In fact the move is
false, as it loses extremely important f7 pawn.} (30... Kf8 31. Rd7 Be7 32. Ra7
g6 33. b3 Rg1+ 34. Kh2 Rd1 35. Rxa6 $14) 31. Rd7 a5 32. Ra7 Rd2 (32... Kf8 33.
Rxf7+ Ke8 34. Ra7 $14) 33. Kf3 $1 (33. Bxf7+ Kf8 34. Kf3 a4 (34... Bd4 35. Rb7
h5 36. Bb3 g6 37. Rb5 $14) 35. Be6 Rd6 $13) 33... a4 (33... Kf8 34. Rxf7+ Ke8
35. Ra7 Rc2 36. Bb5+ Kf8 37. Rxa5 $16) 34. e4 b3 35. axb3 axb3 36. Bxf7+ Kf8 (
36... Kh7 37. e5 b2 38. Ba2 Bd8 39. Rb7 $16) 37. e5 b2 38. Bg6 Be7 39. Rb7 {
Despite material equality black's chances are not promising, since he is bound
to lose the b2 pawn.} h5 (39... Bc5 40. Rf7+ $1 Kg8 41. Rc7 Rf2+ 42. Kg4 Bf8
43. Rb7 $16) 40. Rb8+ Bd8 (40... Rd8 41. Rxb2 h4 42. Rh2 Rd4 43. gxh4 Bb4 44.
Rc2 Bd2 45. f5 $18) 41. Bxh5 Ke7 (41... g6 42. Bxg6 Kg7 43. Bb1 Be7 44. f5 $18)
42. Rb7+ Kf8 (42... Ke6 $2 43. Bf7+ Kf5 44. g4#) 43. Bg6 Be7 (43... Rh2 44. e6
Bf6 45. Rf7+ Kg8 46. e7 $18) 44. Rb8+ Rd8 (44... Bd8 45. Ke3 Rd1 46. Rxb2 $18)
45. Rxb2 {The rest is purely technical task and white would be hard challenged
to spoil it as his pawn structire is ideal.} Ra8 46. Rb7 Rc8 47. Kg4 Rd8 48.
Bf5 (48. Kf5 Rc8 49. Ke4 $18) 48... Kf7 49. Bc2 Kf8 50. Bb3 Ra8 51. Kf5 Rd8 52.
Ke6 Ra8 (52... Bc5 53. Rf7+ Kg8 54. Rc7 Ba3 55. Kf5+ Kh7 56. Rc2 Rf8+ 57. Kg5
Be7+ 58. Kg4 g6 59. Rc7 $18) 53. Kf5 (53. Rxe7 $2 Ra6+) 53... Rd8 54. g4 Ra8 (
54... Rd4 55. Ke6 Rb4 56. Rxb4 Bxb4 57. f5 Bc3 58. f6 $18) 55. Bd5 Rd8 56. Ke6
Bc5 (56... Ra8 57. Bc6 $18) 57. Bc6 Kg8 (57... Be3 58. f5 $18) 58. f5 Be3 59.
f6 gxf6 60. exf6 Bc5 61. Rg7+ Kh8 (61... Kf8 62. Bd7 Ra8 63. g5 Ra6+ 64. Kf5
Ra5 65. Kg6 Be3 66. Bf5 $18) 62. Rd7 Rxd7 63. Bxd7 Kh7 (63... Kg8 64. g5 Bb4
65. g6 Ba3 66. Ba4 Bb4 67. Bb3 $18) 64. Kf5 Be3 65. g5 Kg8 66. Be6+ Kh8 67. g6
Bh6 68. Ke4 Bf8 (68... Bf8 69. Kd5 Bh6 70. Kd6 Bf8+ 71. Kd7 Bh6 72. Ke8 Bf8 73.
Kf7 $18) 1-0

[Event "Interzonal-15"]
[Site "Manila"]
[Date "1990.??.??"]
[Round "2"]
[White "Gurevich, Mikhail"]
[Black "Tal, Mihail"]
[Result "1-0"]
[WhiteElo "2640"]
[BlackElo "2580"]
[Annotator "Ftacnik,L"]
[PlyCount "71"]
[EventDate "1990.06.29"]
[EventType "swiss"]
[EventRounds "13"]
[EventCountry "PHI"]
[SourceTitle "CBM 019"]
[Source "ChessBase"]
[SourceDate "1990.12.01"]
[SourceVersion "1"]
[SourceVersionDate "1990.12.01"]
[SourceQuality "1"]

1. c4 e6 2. d4 d5 3. Nc3 c5 4. cxd5 exd5 5. Nf3 Nc6 6. g3 Nf6 7. Bg2 Be7 8. O-O
O-O 9. Bg5 cxd4 10. Nxd4 h6 11. Be3 Re8 12. Rc1 Bf8 13. Qa4 Ne5 (13... Bd7 14.
Nxd5 Nxd5 15. Bxd5 Na5 16. Nb5 {/\ Qf4+/-}) 14. Rcd1 {N} (14. Qb3 Nc4 $6 15.
Bf4 {/\ Bc7+/-; Rajkovic-Abramovic/Jugoslavija/1974/}) 14... Bd7 (14... Nc4 15.
Bc1 Bd7 16. Qb3 Nb6 $13) 15. Qb3 Bc6 16. Nxc6 bxc6 17. Bd4 Rb8 18. Qc2 (18. Qa4
$14) 18... Qa5 (18... c5 $6 19. Bxe5 Rxe5 20. Nxd5 Nxd5 21. Qd3 Rxb2 22. Bxd5
Qf6 23. e3 $14) 19. Qf5 $5 (19. e4 dxe4 20. Nxe4 Nxe4 21. Bxe4 Qxa2 $13) 19...
Rxb2 $2 (19... Ned7 20. e4 g6 21. Qf4 Nh5 22. Qg4 (22. Qh4 $2 c5 $1) 22... Ndf6
23. Qh4 Nxe4 24. Nxe4 dxe4 25. Bxe4 Qxa2 26. Bxc6 $14) 20. Nxd5 $1 (20. Bxe5 d4
$1) 20... Rxe2 21. Nxf6+ gxf6 22. Be4 $1 Bg7 (22... Nf3+ 23. Qxf3 R2xe4 24.
Qxf6 Rxd4 25. Rxd4 Bg7 26. Rg4 $18) 23. Qh7+ Kf8 24. Rc1 $1 f5 (24... Nd7 25.
Bxc6 $18) 25. Bxc6 (25. Bc5+ Qxc5 26. Rxc5 fxe4 $16) 25... Re7 26. Bb5 $1 Nf3+
(26... Qxb5 27. Rc8+ Re8 28. Bc5+ Qxc5 29. Rxc5 $18) 27. Kg2 Nxd4 28. Rc8+ Re8
29. Bxe8 Qd5+ 30. Kh3 Rxe8 31. Rxe8+ Kxe8 32. Qxg7 Qe4 (32... Nf3 33. Qxh6 $18)
33. f4 $1 Ne6 34. Qe5 Qc2 35. Rf3 Kf8 36. Rb3 {Ftacnik,L} (36. Rb3 Kg8 37. Rb8+
Kh7 38. Rh8+ Kg6 39. Rg8+ Kh5 40. g4#) 1-0

[Event "Interzonal-15"]
[Site "Manila"]
[Date "1990.??.??"]
[Round "2"]
[White "Dreev, Alexey"]
[Black "Ivanovic, Bozidar"]
[Result "1/2-1/2"]
[WhiteElo "2615"]
[BlackElo "2520"]
[Annotator "Ftacnik,L"]
[PlyCount "99"]
[EventDate "1990.06.29"]
[EventType "swiss"]
[EventRounds "13"]
[EventCountry "PHI"]
[SourceTitle "CBM 019"]
[Source "ChessBase"]
[SourceDate "1990.12.01"]
[SourceVersion "1"]
[SourceVersionDate "1990.12.01"]
[SourceQuality "1"]

1. d4 d5 2. c4 e6 3. Nc3 c5 4. cxd5 exd5 5. Nf3 Nf6 6. g3 Nc6 7. Bg2 Be7 8. O-O
O-O 9. dxc5 Bxc5 10. Bg5 d4 11. Bxf6 Qxf6 12. Nd5 Qd8 13. Nd2 Re8 14. Rc1 Bb6
15. Re1 Bg4 16. Nc4 Ba5 17. Nxa5 Qxa5 18. b4 Nxb4 19. Qd2 Nc6 20. Qxa5 Nxa5 21.
f3 (21. Nc7 d3 22. Rb1 (22. exd3 Rxe1+ 23. Rxe1 Rd8 $10) 22... d2 $1 $132)
21... d3 22. Red1 $6 (22. Ra1 Bd7 {1/4-1/4/Yusupov,A-Petursson,M/Reykjavik/
1985/}) 22... dxe2 23. Re1 Rac8 $1 24. Rc7 (24. Rxc8 Bxc8) (24. Nc7 Re7 25. Nd5
Re5) 24... Be6 (24... Rxc7 $2 25. Nxc7 Re7 (25... Rc8 26. Nd5) 26. Nd5 Re5 27.
fxg4) 25. Ne7+ Rxe7 26. Rxe7 Kf8 27. Rxe6 fxe6 28. Rxe2 Kf7 29. f4 Rc1+ 30. Kf2
Nc6 31. h4 b6 32. h5 h6 33. Be4 Nb4 34. Bg6+ Kf6 35. g4 Rc5 36. Kg3 e5 $6 37.
g5+ $1 (37. fxe5+ Rxe5 38. Rf2+ Kg5 39. Rf7 Re3+ 40. Kf2 Ra3 $17) 37... hxg5
38. fxe5+ Ke6 (38... Rxe5 39. Rf2+ Ke6 40. Rf7 $132) 39. Rf2 Nc6 40. Rf7 Nxe5
41. Rxg7 Rc3+ 42. Kg2 Nxg6 43. hxg6 $1 Kf6 44. Rxa7 Kxg6 45. a4 Kh5 46. a5 b5
47. Rb7 Rb3 48. a6 Kg4 49. a7 Rb2+ 50. Kf1 {Ftacnik,L} 1/2-1/2

[Event "Yerevan zt 1.5"]
[Site "Yerevan"]
[Date "2000.06.12"]
[Round "6"]
[White "Jobava, Baadur"]
[Black "Seitaj, Ilir"]
[Result "1-0"]
[WhiteElo "2430"]
[BlackElo "2392"]
[Annotator "Ftacnik,L"]
[PlyCount "92"]
[EventDate "2000.06.07"]
[EventType "swiss"]
[EventRounds "9"]
[EventCountry "ARM"]
[SourceTitle "CBM 078"]
[Source "ChessBase"]
[SourceDate "2000.10.18"]
[SourceVersion "1"]
[SourceVersionDate "2000.10.18"]
[SourceQuality "1"]

1. d4 d5 2. c4 e6 3. Nc3 c5 4. cxd5 exd5 5. Nf3 Nc6 6. g3 Nf6 7. Bg2 Be7 8. O-O
O-O 9. Bg5 cxd4 10. Nxd4 h6 11. Bf4 Be6 12. Rc1 Rc8 13. Nxe6 fxe6 14. Bh3 Qd7
15. e4 d4 16. e5 $1 (16. Qb3 Nd8 17. Rfd1 g5 18. Be5 Bc5 19. Bxf6 Rxf6 20. Nd5
Rg6 21. e5 Kg7 22. Nf6 {1-0 Sokolin,L-Gabbara,F/Chicago/1995/ (22)}) 16... Ne8
(16... dxc3 17. exf6 Qxd1 18. Bxe6+ Kh7 (18... Kh8 19. Rcxd1 Bxf6 20. Bxc8 Rxc8
21. bxc3 $18) 19. Rfxd1 Bxf6 (19... cxb2 20. fxe7) 20. Bxc8 cxb2 21. Bf5+ g6
22. Rd7+ Bg7 23. Rxc6 $18) (16... Nd5 17. Nxd5 Qxd5 18. Qg4 Kf7 19. Bg2 Qxa2
20. Be4 Rh8 21. Qg6+ Kf8 22. Bf5 $1 exf5 23. Qxf5+ $18) 17. Qg4 Rf5 (17... Nc7
18. Ne4 $14) (17... dxc3 $2 18. Qxe6+ Qxe6 19. Bxe6+ Kh8 20. Bxc8 $18) 18. Qg6
Nxe5 {[%mdl 4] Black is fighting back in a dangerous position, white knight on
c3 is still hanging and he has yet to win the pawn back.} (18... dxc3 19. Rfd1
Nxe5 20. Bxe5 cxb2 21. Bxb2 (21. Rb1 $2 Rc1 $1 $19) 21... Rxc1 22. Rxc1 $16)
19. Bxe5 Rxe5 20. Rce1 Rxe1 21. Rxe1 Rc6 (21... Nc7 22. Nb5 $1 Kh8 23. Nxc7
Rxc7 24. Bxe6 Qd8 $14) 22. Nb5 Nf6 (22... Bf6 23. Qe4 Kf7 24. Nxa7 Ra6 25. a4
d3 26. Nb5 d2 27. Rd1 Rc6 28. Qe3 Rc2 29. b4 $14) 23. Nxa7 Rb6 (23... Ra6 24.
Qd3 Kh8 25. Nb5 $16) 24. Qd3 Kf7 25. Re2 {White's position is very good
despite the strange location of his knight. The weakness of e6 pawn and lack
of counterplay make black's defensive task not an enviable one.} Qd5 (25... Qa4
26. Nc8 $16) 26. b3 Nd7 (26... e5 27. Qf5 e4 28. Qxd5+ Nxd5 29. Rxe4 Bf6 30.
Nc8 Rc6 31. Bd7 Rc1+ 32. Kg2 $16 d3 $140 33. Nd6+ Kg6 34. Bf5+ Kh5 35. Nf7 $18)
27. Bg2 Ne5 $2 (27... Qc5 28. Rc2 Ne5 (28... Qe5 29. Nc8 Rb4 30. Nxe7 Qe1+ 31.
Bf1 Kxe7 32. a3 $16) 29. Qe4 Qa5 30. Nc8 Rb5 31. Qf4+ Ke8 32. Nxe7 Kxe7 33. Rc8
$16) (27... Qg5 $2 28. f4 Qc5 29. Rc2 $16) 28. Bxd5 Nxd3 29. Nc8 Ra6 (29... Rb4
30. Rxe6 $18) 30. Bc4 $18 {White is winning the exchange, so the the rest is
rather easy for him.} (30. Bxb7 $2 Ra3 31. Rd2 Nc5 32. Bg2 e5 $16) 30... Nc1
31. Bxa6 bxa6 (31... d3 32. Bxd3 Nxd3 33. Nxe7 $18) 32. Rc2 Ba3 33. Nd6+ Kf6 (
33... Bxd6 34. Rxc1 e5 35. Rc6 Ke6 36. Rxa6 $18) 34. Nc4 d3 35. Rd2 Bb4 36. Rd1
Nxa2 (36... d2 37. Nxd2 Nxa2 38. Ra1 Nc3 39. Rxa6 Ne2+ 40. Kf1 Nxg3+ 41. hxg3
Bxd2 42. Ke2 $18) 37. Rxd3 e5 38. Rf3+ Ke6 39. Re3 Bc3 40. Nxe5 $1 Bd4 (40...
Bxe5 41. f4 $18) 41. Re2 Nc1 (41... Nc3 42. Re1 Bxe5 43. f4 $18) 42. Re1 Nxb3
43. Nc6+ Kd5 44. Nxd4 Kxd4 45. Re7 a5 46. Rxg7 a4 1-0

[Event "Leon"]
[Site "Leon"]
[Date "1993.??.??"]
[Round "9"]
[White "Karpov, Anatoly"]
[Black "Illescas Cordoba, Miguel"]
[Result "1-0"]
[WhiteElo "2725"]
[BlackElo "2615"]
[Annotator "Ftacnik,L"]
[PlyCount "71"]
[EventDate "1993.05.??"]
[EventType "tourn"]
[EventRounds "9"]
[EventCountry "ESP"]
[EventCategory "12"]
[SourceTitle "CBM 036"]
[Source "ChessBase"]
[SourceDate "1993.10.01"]
[SourceVersion "1"]
[SourceVersionDate "1993.10.01"]
[SourceQuality "1"]

1. c4 {Anand} c5 2. Nf3 Nf6 3. Nc3 e6 4. g3 Nc6 5. Bg2 d5 6. cxd5 exd5 7. d4
Be7 8. O-O O-O 9. Bg5 cxd4 10. Nxd4 h6 11. Be3 Re8 12. Rc1 Bf8 (12... Be6 13.
Nxc6 bxc6 14. Na4 Qa5 15. a3 Rec8 16. Bc5 Bd8 17. Bd4 Ne4 18. e3 Be7 19. Bxe4
dxe4 20. Nc5 Bxc5 21. Rxc5 Qd8 22. Qh5 Bd5 23. b4 a6 24. h4 $14 {Campos,
J-Villavicencio,A/Benidorm op/1989/1-0 (48)}) (12... Bb4 13. Nxc6 bxc6 14. a3
Ba5 15. Na4 Bd7 16. Nc5 Bb6 17. b4 Bg4 18. Re1 Rc8 19. Bd4 Nd7 20. Qd3 h5 21.
h3 Be6 22. Qc3 Nxc5 23. Bxc5 Qd7 24. Kh2 $13 {Probst,D-Schwaegli,B/Zuerich op/
1992/0-1 (31)}) 13. a3 $5 (13. Na4 Qa5 (13... Ng4 14. Nxc6 bxc6 15. Bd4 Bd7 16.
Nc5 Bf5 17. Re1 Qg5 18. e4 dxe4 19. Nxe4 Bxe4 20. Rxe4 Rxe4 21. Bxe4 {0,5/
Robatsch,K-Anikaev,Y/Sochi/1974/}) 14. a3 Ne5 15. Bd2 Qd8 16. Qb3 Nc4 17. Rfd1
Nxd2 18. Rxd2 Ne4 19. Rdd1 Qf6 20. Bf3 Ng5 21. Nc3 Nxf3+ 22. Nxf3 Be6 23. Qxb7
Rab8 24. Qxa7 $14 {Robatsch,K-Huebner,R/Mitropa Cup/1993/0-1 (56)}) (13. Nxc6 {
Anand is played here usually} bxc6 14. Na4 Bd7 (14... Qa5 $2 15. Rxc6 Bd7 16.
Bd2 Qb5 17. Rxf6 $1 $18)) 13... Bg4 14. h3 Be6 15. Nxc6 bxc6 16. Bd4 (16. Na4 {
Anand} Qc8 17. Kh2 Qa6 $1 $13) 16... Bd7 (16... c5 17. Bxf6 Qxf6 18. Nxd5 Qxb2
19. Nc7 Rad8 20. Qe1 Re7 21. Qa5 $16) (16... Nd7 17. e4 (17. b4 $16 {Anand})
17... dxe4 (17... c5 18. exd5 cxd4 19. dxe6 $18) 18. Nxe4 $14 (18. Nxe4 Bd5 $14
)) (16... Ne4 17. Nxe4 dxe4 18. Bc5 Bxc5 19. Rxc5 Bd5 20. b4 $14) 17. Qd3 (17.
Na4 {Anand} Ne4 {accomplishes little. Karpov, as is his want, keeps making
useful moves.}) 17... Nh7 18. Be3 $1 (18. e4 $2 c5) 18... Bd6 $6 (18... Ng5 19.
Bxg5 (19. h4 {Anand} Ne6 20. Rfd1 Rb8 $132) 19... Qxg5 (19... hxg5 20. Rfd1 (
20. e4 dxe4 21. Nxe4 Bxh3 $1) 20... Rb8 $1 $13) 20. e4 $16 (20. e4 Qg6 21. Rfd1
$16)) (18... Qf6 $14) 19. Rfd1 Be6 (19... Qe7 20. Nxd5 $1 cxd5 21. Qxd5 $16) (
19... Nf8 20. Nxd5 cxd5 21. Qxd5 Be5 22. Qxa8 Qxa8 23. Bxa8 Rxa8 24. Bd4 Bxd4
25. Rxd4 Bxh3 26. g4 h5 27. gxh5 $16) 20. b4 $1 $16 Nf8 (20... Ng5 21. Bxg5
Qxg5 22. e4 $16) (20... Qd7 21. b5) (20... a5 21. b5 $1 Bxa3 22. bxc6 Bxc1 23.
Rxc1 $16) 21. Na4 (21. Qa6 Qc8 $1) 21... Ng6 22. Qc3 (22. Rxc6 $2 Ne5) 22...
Bd7 23. Nc5 Bxc5 24. Bxc5 Rxe2 $6 25. Be3 Qe7 (25... a5 26. b5 (26. Qd3 Ra2 27.
b5 $18) 26... cxb5 27. Bxd5 Rc8 28. Qd3 Rxe3 29. Qxe3 $16) 26. Bf1 Rxe3 27.
Qxe3 Qxe3 28. fxe3 Re8 29. Kf2 Ne5 30. Rc5 Re7 31. e4 $1 Be6 (31... dxe4 32.
Rxe5 Rxe5 33. Rxd7 $18) 32. b5 cxb5 33. exd5 Bd7 34. d6 Re6 35. Bxb5 Rf6+ 36.
Kg2 1-0

[Event "Imre Konig Memorial 1st"]
[Site "San Francisco"]
[Date "2002.09.05"]
[Round "2"]
[White "Wojtkiewicz, Aleksander"]
[Black "Akobian, Varuzhan"]
[Result "0-1"]
[WhiteElo "2555"]
[BlackElo "2486"]
[Annotator "Ftacnik,L"]
[PlyCount "66"]
[EventDate "2002.09.04"]
[EventType "tourn"]
[EventRounds "9"]
[EventCountry "USA"]
[EventCategory "12"]
[SourceTitle "CBM 092"]
[Source "ChessBase"]
[SourceDate "2003.02.06"]
[SourceVersion "1"]
[SourceVersionDate "2003.02.06"]
[SourceQuality "1"]

1. Nf3 e6 2. c4 d5 3. d4 c5 4. cxd5 exd5 5. g3 Nc6 6. Bg2 Nf6 7. O-O Be7 8. Nc3
O-O 9. b3 Ne4 10. Bb2 Bf6 11. Nxe4 dxe4 12. Nd2 Bg4 {Akobian has prepared for
the line, that his opponent knows quite well. The pressure against the square
e2 is unpleasant for white and complicates the attempts to gain advantage.} 13.
h3 (13. Nxe4 Nxd4 14. Nxf6+ Qxf6 15. Bxd4 cxd4 16. Bxb7 Rae8 17. Bf3 (17. Re1
$2 Rxe2 18. Rxe2 d3 $1 19. Rd2 Bxd1 20. Raxd1 $11) 17... Bxf3 18. exf3 Rc8 $44)
13... Bh5 14. Nxe4 Bxd4 15. Bxd4 cxd4 16. Rc1 Qe7 17. Re1 Rac8 18. Qd2 Rfd8 19.
Nc5 Bg6 $1 20. b4 (20. Nd3 Be4 $11) (20. Qf4 $5 Re8 (20... b6 21. Nd3 Bxd3 22.
exd3 Ne5 23. Qe4 (23. Rxc8 $2 Nf3+ $1 $17) 23... Rxc1 24. Rxc1 $14) 21. Bxc6
Rxc6 22. Qxd4 Rd8 $11) 20... b6 21. Na6 $6 {[%mdl 16384] The true reason for
Wojtkiewicz's defeat lays in this antipositional jump, black will now get a
chance to get strong counterplay.} (21. Nb7 $5 Qxb7 22. b5 Qe7 23. bxc6 Be4 $11
) 21... Ne5 $1 (21... Be4 22. b5 Bxg2 23. Kxg2 Ne5 24. Rxc8 Rxc8 25. Qxd4 $16)
22. Rxc8 Rxc8 23. f4 $2 (23. Qxd4 Nd3 24. Rf1 Qxe2 25. Nc7 Ne1 $15) 23... Nc4
24. Qxd4 (24. Rc1 Qd7 25. Qe1 Ne3 $17) 24... Ne3 25. Bf3 (25. Qe5 $5 Qxe5 26.
fxe5 Nxg2 27. Kxg2 Re8 28. Rc1 h5 29. Kf3 Rxe5 30. Rc7 $11) 25... f6 $1 26. Qb2
Nc2 27. Rd1 (27. Rc1 Qe3+ 28. Kh1 Kf8 $1 29. b5 Be4 30. Bxe4 Qxe4+ 31. Kg1 Rc4
$17) 27... Qe3+ {Black pieces are gradually approaching enemy king and their
pressure is mounting.} 28. Kh1 (28. Kg2 Be4 29. Qb3+ Qxb3 30. axb3 Ne3+ 31. Kg1
Bxf3 (31... Nxd1 32. Bxe4 Rc3 $17) 32. Rd3 Bxe2 33. Rxe3 Bxa6 $19) 28... Qf2
29. Qb3+ Bf7 30. Qd3 (30. Bd5 Ne3 (30... Ne1 31. Bxf7+ Kf8 32. Bd5 Qf1+ 33. Kh2
Qxe2+ 34. Kh1 Rc2 $19) 31. Bxf7+ Kf8 32. Bd5 (32. Rg1 Rc1 $19) 32... Nxd1 33.
Qxd1 Qe3 34. Kg2 Rc1 $19) 30... Ne3 (30... Qxg3 $2 31. Qf5 (31. Bh5 $2 Ne3 $1
32. Qd8+ Be8 $19) 31... Re8 32. Qxc2 $14) (30... Ne1 $1 31. Qd4 Qxg3 32. Qd7
Re8 $19) 31. Qd7 Rf8 32. Rg1 Nf1 33. Qg4 $4 {The last moves in the game were
mared by the strong time trouble. The defender is guarding g3 pawn, but
completely forgets about the threatened mate. White knight is sadly sitting at
the edge, far away from the center of activity...} (33. Rg2 Nxg3+ 34. Kh2 Nf1+
35. Kh1 Qh4 $17) 33... Qh2# 0-1